| 000 | 01080nam a2200229 u 4500 | ||
|---|---|---|---|
| 001 | 000273235 | ||
| 003 | AM-YeHGA | ||
| 005 | 20250617125521.0 | ||
| 008 | 031017s1910 ru r 000 0 rus d | ||
| 040 | _aAM-YeHGA | ||
| 041 | 1 |
_arus _hfre |
|
| 100 | 1 | _aВандаль, Альберт | |
| 245 | 1 | 0 |
_aНаполеон и Александр I : _bФранко-рус. союз во время Первой империи / _cА. Вандаль. |
| 260 |
_aСанкт-Петербург : _bЗнание, _c1910- |
||
| 300 | _aтом | ||
| 505 | 0 | 0 |
_gТ. 1 (1910; XX,534 с., [2] л. портр. : Пер. с 6-го фр. изд. В. Шиловой) ж _gТ. 2 (1911; 590 с., [2] л. портр. : Пер. с 5-го фр. изд. В. Шиловой) ж _gТ. 3 (1913 ; 609 с.,2 л. портр. : Пер. с 6-го фр. изд. В. Шиловой) : |
| 600 | 0 | 4 |
_aНаполеон _bI _cфр. имп., _d1769-1821 |
| 600 | 0 | 4 |
_aАлександр _bI _cимп., _d1777-1825 |
| 650 | 1 | 4 |
_aИстория _xФранко-русский союз |
| 942 |
_2udc _cBK |
||
| 090 | _c100522 | ||
| 999 |
_c99211 _d99211 |
||